000 01200nam a22003491a 4500
999 _c28931
_d28902
001 014864336
003 EG-ScBUE
005 20201014151252.0
008 081216t2004 maua f b 001 0 eng d
020 _a9780262512442 (pbk.)
020 _a026202568X
040 _aStDuBDS
_beng
_erda
_cStDuBDS
_dUk
_dEG-ScBUE
082 0 4 _a004.21
_bBOD
_222
100 1 _aBødker, Keld,
_eauthor.
245 1 0 _aParticipatory IT design :
_bdesigning for business and workplace realities /
_cKeld Bøodker, Finn Kensing, Jesper Simonsen.
264 1 _aCambridge, Massachusetts ;
_aLondon, England :
_bMIT Press,
_c[2004]
264 4 _cc2004
300 _axviii, 337 pages :
_billustrations ;
_c23 cm
336 _atext
_2rdacontent
_btxt
337 _aunmediated
_2rdamedia
_bn
338 _avolume
_2rdacarrier
_bnc
500 _aOriginally published: 2004.
500 _aFormerly CIP.
_5Uk
504 _aIncludes bibliographical references and index.
650 7 _aSystem design.
_2BUEsh
650 7 _aInformation technology.
_2BUEsh
653 _bMASIICCSS
_cOctober2020
655 _vReading book
_934232
700 1 _aKensing, Finn,
_eauthor.
700 1 _aSimonsen, Jesper,
_eauthor.
942 _2ddc
_cBB